Представление документа в формате MARC21

Поле Инд. ПП Название Значение
Тип записи a
Библиографический уровень m
001 Контрольный номер 0a459de6-1e89-481b-96c3-d664790a6a7d
005 Дата корректировки 20211123154112.5
008 Кодируемые данные 010316 d
020 a ISBN 5-06-003356-2
040 a Служба первич. каталог. НБ ТвГУ
041 0_ a Код языка текста rus
080 a Индекс УДК 82.0(075.8)
084 a Индекс другой классификации/Индекс ББК Ш40я731-1
090 x Авторский знак Х 17
a Полочн. индекс Ш40
100 1_ a Автор Хализев Валентин Евгеньевич
e Роль лиц Автор
245 10 a Заглавие Теория литературы
b Продолж. заглавия учебник для студентов вузов
c Ответственность В. Е. Хализев
250 a Основные сведения об издании 2-е изд.
260 0_ a Место издания Москва
b Издательство Высшая школа
c Дата издания 2000
300 a Объем 398 с.
504 a Библиография Имен. указ.: с. 374-398
653 0_ a Ключевые слова Литература
a Ключевые слова Литературоведение
a Ключевые слова Теория литературы
a Ключевые слова Литературное произведение
a Ключевые слова Литературные роды
a Ключевые слова Литературные жанры
a Ключевые слова Литературное творчество
852 41 i Расстановочный признак Проверка 2021
901 t Тип документа m
920 a Оператор Хохл
a Оператор Петр
930 a Новая/Ретро ретро
952 c Вид литературы К ру
954 a Дата поступления на обработку 20010315
e Дата перешифровки 20211007
954 a Дата поступления на обработку 20211123